Guess the Letter - Statistics

General Stats
  • This quiz has been taken 45 times
  • The average score is 7 of 15
Answer Stats
Answer % Correct
d
97%
f
94%
h
88%
r
88%
q
69%
p
63%
f
47%
r
34%
w
25%
e
19%
t
19%
y
19%
r
16%
q
13%
l
9%
No matching quizzes found
Score Distribution
Percent of People with Each Score
Percentile by Number Answered
Your Score History
You have not taken this quiz